[Event "Bochum - Erkenschwick"]
[Site "?"]
[Date "2024.04.07"]
[Round "8.2"]
[White "Friedmann, Rafael"]
[Black "De Vreugt, Dennis"]
[Result "1/2-1/2"]
[WhiteElo "2419"]
[BlackElo "2419"]
[PlyCount "55"]
[EventDate "2024.??.??"]
[SourceVersionDate "2023.09.04"]

1. Nf3 Nf6 2. g3 b6 3. Bg2 Bb7 4. d3 d6 5. O-O Nbd7 6. c4 g6 7. Nc3 Bg7 8. e4 O-O 9. h3 e5 10. Be3 a5 11. Qd2 Nc5 12. Rad1 Re8 13. Nh2 Nfd7 14. Bh6 Bxh6 15. Qxh6 Qf6 16. Qd2 Qg7 17. Ng4 Rf8 18. Ne3 Kh8 19. f4 exf4 20. Rxf4 Ne6 21. Rf2 Nd4 22. Rdf1 Rae8 23. Kh2 c5 24. Nb5 Nxb5 25. cxb5 Ne5 26. b3 Kg8 27. Rf4 Re7 28. R1f2 1/2-1/2

[Event "Bochum - Erkenschwick"]
[Site "?"]
[Date "2024.04.07"]
[Round "8.3"]
[White "Jens, Jelmer"]
[Black "Jugelt, Tobias"]
[Result "0-1"]
[WhiteElo "2358"]
[BlackElo "2351"]
[PlyCount "106"]
[EventDate "2024.??.??"]
[SourceVersionDate "2023.09.04"]

1. e4 d5 2. exd5 Qxd5 3. Nc3 Qe5+ 4. Be2 Bg4 5. f3 Bd7 6. d4 Qa5 7. f4 Nf6 8. Nf3 g6 9. Ne5 Be6 10. Bd2 c6 11. Ne4 Qd5 12. Ng5 Qxd4 13. Nxe6 fxe6 14. Ba5 Qd5 15. Bc3 Bg7 16. O-O Qxd1 17. Raxd1 Nd5 18. Bd4 O-O 19. Bg4 Nc7 20. g3 Nba6 21. c4 Rfd8 22. a3 c5 23. Bc3 Rd6 24. Kf2 Rad8 25. Ke2 Nb8 26. b4 cxb4 27. axb4 Nc6 28. b5 Nd4+ 29. Kf2 h5 30. Bh3 Ndxb5 31. Rxd6 exd6 32. cxb5 dxe5 33. fxe5 Rd5 34. b6 axb6 35. Re1 Kf7 36. Ke3 Bxe5 37. Rf1+ Ke7 38. Bb4+ Bd6 39. Bc3 Rb5 40. Bf6+ Kd7 41. Bg7 h4 42. Rd1 hxg3 43. hxg3 Rb3+ 44. Ke4 Ke7 45. Bf1 Ne8 46. Bh8 Bxg3 47. Bd3 Nd6+ 48. Kf3 Nf7 49. Bd4 Be5 50. Be3 Bd6 51. Ke2 Rb2+ 52. Kf1 Bc5 53. Bd2 g5 0-1

[Event "Bochum - Erkenschwick"]
[Site "?"]
[Date "2024.04.07"]
[Round "8.4"]
[White "Illner, Achim"]
[Black "Erwich, Frank"]
[Result "1-0"]
[WhiteElo "2436"]
[BlackElo "2381"]
[PlyCount "95"]
[EventDate "2024.??.??"]
[SourceVersionDate "2023.09.04"]

1. d4 Nf6 2. Nf3 e6 3. c4 b6 4. g3 Ba6 5. Qa4 c5 6. Bg2 Bb7 7. dxc5 bxc5 8. O-O Be7 9. Nc3 Ne4 10. Qc2 Nxc3 11. Qxc3 O-O 12. Rd1 Qb6 13. Bg5 f6 14. Bf4 d6 15. Rac1 a5 16. Bh3 f5 17. Bg5 Bxg5 18. Nxg5 Rf6 19. Bg2 Bxg2 20. Kxg2 Nd7 21. Rc2 Ra6 22. Rcd2 Qb8 23. Nf3 f4 24. Ng5 fxg3 25. hxg3 Rh6 26. Qe3 Qe8 27. Rh1 Rxh1 28. Kxh1 Ne5 29. b3 h6 30. Nh3 a4 31. Kg2 axb3 32. axb3 Qc6+ 33. f3 Kf7 34. Nf2 Ke7 35. Ne4 Nf7 36. Nc3 Kd7 37. Qd3 Ke7 38. Qg6 Qb6 39. Rd3 Kf8 40. Qxe6 Ra8 41. Ne4 Rd8 42. Rd5 Re8 43. Qf5 Rd8 44. Kf2 Qc7 45. Qg6 Ne5 46. Qe6 Nf7 47. Rf5 Qd7 48. Qd5 1-0

[Event "Bochum - Erkenschwick"]
[Site "?"]
[Date "2024.04.07"]
[Round "8.5"]
[White "Willemze, Thomas"]
[Black "Golovanj, Andrej"]
[Result "0-1"]
[WhiteElo "2317"]
[BlackElo "2290"]
[PlyCount "82"]
[EventDate "2024.??.??"]
[SourceVersionDate "2023.09.04"]

1. e4 c5 2. Nf3 Nc6 3. Bb5 g6 4. Bxc6 dxc6 5. d3 Bg7 6. h3 e5 7. a4 Qe7 8. a5 Nf6 9. Be3 c4 10. Nbd2 cxd3 11. cxd3 O-O 12. O-O Rd8 13. Qc2 Qc7 14. Nc4 Ne8 15. Rfd1 Be6 16. b4 f6 17. d4 exd4 18. Nxd4 Bf7 19. Rac1 Qe7 20. a6 Qxb4 21. axb7 Qxb7 22. Na5 Qa6 23. Naxc6 Rd7 24. Ra1 Qc4 25. Qb1 Qc5 26. Nb8 Rd8 27. Rc1 Qd6 28. Nbc6 Rd7 29. Nb5 Qd3 30. Qxd3 Rxd3 31. Bxa7 Rb3 32. Ncd4 Rb2 33. Ra6 Bh6 34. Rcc6 Rb1+ 35. Kh2 Re1 36. Nc3 Bf4+ 37. g3 Bd2 38. Nd5 Rxe4 39. Nc3 Bxc3 40. f3 Bxd4 41. fxe4 Rxa7 0-1

[Event "Bochum - Erkenschwick"]
[Site "?"]
[Date "2024.04.07"]
[Round "8.6"]
[White "Zozulia, Anna"]
[Black "Spriestersbach, Kai"]
[Result "1/2-1/2"]
[WhiteElo "2228"]
[BlackElo "2288"]
[PlyCount "50"]
[EventDate "2024.??.??"]
[SourceVersionDate "2023.09.04"]

1. e4 c6 2. d4 d5 3. exd5 cxd5 4. Bd3 Nc6 5. c3 e6 6. Nf3 Bd6 7. Bg5 f6 8. Bh4 Nge7 9. Bg3 g6 10. O-O O-O 11. Re1 Nf5 12. Bxd6 Qxd6 13. Nbd2 Bd7 14. b4 Rac8 15. a4 b6 16. a5 bxa5 17. b5 Nce7 18. Qb3 g5 19. h3 h5 20. Rxa5 g4 21. hxg4 hxg4 22. Nh2 Qf4 23. Ndf1 Rc7 24. g3 Qg5 25. Ra3 Rb8 1/2-1/2

[Event "Bochum - Erkenschwick"]
[Site "?"]
[Date "2024.04.07"]
[Round "8.7"]
[White "Jonkman, Harmen"]
[Black "Golinka, Oleksandr"]
[Result "1/2-1/2"]
[WhiteElo "2324"]
[BlackElo "2210"]
[PlyCount "84"]
[EventDate "2024.??.??"]
[SourceVersionDate "2023.09.04"]

1. d4 e6 2. g3 Nf6 3. Bg2 d5 4. Nf3 Be7 5. O-O O-O 6. c4 b6 7. cxd5 exd5 8. Nc3 Bb7 9. Bg5 Nbd7 10. Qb3 h6 11. Bf4 c6 12. Rad1 Re8 13. e4 Nxe4 14. Nxe4 dxe4 15. Ne5 Nxe5 16. dxe5 Qc8 17. Bxe4 Bf8 18. Rfe1 c5 19. Bxb7 Qxb7 20. e6 fxe6 21. Rxe6 Qf7 22. Rde1 Rxe6 23. Rxe6 Rd8 24. Kg2 b5 25. Qe3 Qd7 26. Qe4 c4 27. a4 c3 28. bxc3 bxa4 29. Ra6 a3 30. Be3 Qc8 31. Rc6 Qb7 32. Qc4+ Kh8 33. Qa6 Qb3 34. Bd4 a2 35. Rxh6+ Kg8 36. Rh5 Rd6 37. Qxa7 Rd5 38. Rxd5 Qxd5+ 39. Kh3 Qh5+ 40. Kg2 Qd5+ 41. Kh3 Qh5+ 42. Kg2 Qd5+ 1/2-1/2

[Event "Bochum - Erkenschwick"]
[Site "?"]
[Date "2024.04.07"]
[Round "8.8"]
[White "Kraemer, Matthias"]
[Black "Van Beek, Alexander"]
[Result "0-1"]
[WhiteElo "2250"]
[BlackElo "2300"]
[PlyCount "82"]
[EventDate "2024.??.??"]
[SourceVersionDate "2023.09.04"]

1. e4 e5 2. Nf3 Nc6 3. Bc4 Nf6 4. d3 Bc5 5. c3 d6 6. Nbd2 a5 7. Nf1 Ba7 8. h3 Ne7 9. Ng3 h6 10. Bb3 c6 11. Bc2 Qc7 12. d4 g5 13. Be3 Ng6 14. Qd2 Nf4 15. Rg1 Be6 16. O-O-O O-O-O 17. Nf5 Bxa2 18. b3 a4 19. bxa4 Kb8 20. Kb2 Bc4 21. Ka1 Qa5 22. Bxf4 gxf4 23. Rb1 Be6 24. Ne7 Kc7 25. Rge1 Rhe8 26. Nf5 Bxf5 27. exf5 e4 28. Ng1 Nd5 29. Rb3 e3 30. fxe3 Nxe3 31. Ne2 Nxg2 32. Reb1 b5 33. Nxf4 Nxf4 34. Qxf4 Qxa4+ 35. Kb2 Re2 36. Qxh6 Bxd4 37. Qh5 Rde8 38. Qxf7+ R8e7 39. Qg8 Rg7 40. Qf8 Rgg2 41. Qf7+ Kb6 0-1

[Event "Münster - Katernberg"]
[Site "?"]
[Date "2024.04.07"]
[Round "8.1"]
[White "Siebrecht, Sebastian"]
[Black "Holtel, Jasper"]
[Result "0-1"]
[WhiteElo "2369"]
[BlackElo "2330"]
[PlyCount "74"]
[EventDate "2024.??.??"]
[SourceVersionDate "2023.09.04"]

1. d4 Nf6 2. c4 g6 3. h4 Bg7 4. Nc3 Nc6 5. Nf3 d6 6. e4 Bg4 7. d5 Nb8 8. Be2 c6 9. Be3 Nbd7 10. O-O O-O 11. Rc1 Nc5 12. e5 Nfe4 13. Nxe4 Nxe4 14. Qc2 Nc5 15. dxc6 bxc6 16. Nd4 Bxe2 17. Qxe2 Qc7 18. b4 Ne6 19. Nxe6 fxe6 20. exd6 exd6 21. h5 gxh5 22. Qxh5 Rf5 23. Qg4 Kh8 24. Rfd1 Rg8 25. Qe4 Qd7 26. g3 d5 27. Kg2 Qf7 28. Qc2 e5 29. Bxa7 e4 30. Bd4 Qh5 31. Qb3 Bxd4 32. Rxd4 Rxf2+ 33. Kxf2 Qh2+ 34. Ke1 Rxg3 35. Qxg3 Qxg3+ 36. Kd2 Qf2+ 37. Kc3 Qe3+ 0-1

[Event "Münster - Katernberg"]
[Site "?"]
[Date "2024.04.07"]
[Round "8.2"]
[White "Schmitzer, Klaus"]
[Black "Kueppers, Timo"]
[Result "1/2-1/2"]
[WhiteElo "2165"]
[BlackElo "2270"]
[PlyCount "86"]
[EventDate "2024.??.??"]
[SourceVersionDate "2023.09.04"]

1. d4 Nf6 2. Bg5 c5 3. Nc3 d5 4. e3 Nc6 5. Bxf6 gxf6 6. Qh5 e6 7. O-O-O Bd7 8. Nf3 cxd4 9. exd4 Bb4 10. Ne2 Qe7 11. Nf4 O-O-O 12. Be2 Kb8 13. Kb1 Ka8 14. Qh6 Rdg8 15. Rhg1 Qd8 16. Nh5 Be7 17. h3 Na5 18. Qf4 Ba4 19. Nd2 f5 20. Nb3 Bd6 21. Qf3 Qc7 22. g4 Rc8 23. Qc3 Qb6 24. Nc5 Bb5 25. Bxb5 Qxb5 26. gxf5 e5 27. Qd3 Nc4 28. Qb3 Qc6 29. Rg7 Rc7 30. Qa4 Qb6 31. Nb3 Rhc8 32. Nf6 Nxb2 33. Kxb2 Bf8 34. Nxd5 Qd6 35. Nxc7+ Qxc7 36. Rgg1 Qc3+ 37. Kb1 Qxc2+ 38. Ka1 Qc3+ 39. Kb1 b5 40. Qxb5 Qc2+ 41. Ka1 Qc3+ 42. Kb1 Qc2+ 43. Ka1 Qc3+ 1/2-1/2

[Event "Münster - Katernberg"]
[Site "?"]
[Date "2024.04.07"]
[Round "8.3"]
[White "Schimnatkowski, Lukas"]
[Black "Chilla, Jan Eric"]
[Result "0-1"]
[WhiteElo "2170"]
[BlackElo "2235"]
[PlyCount "114"]
[EventDate "2024.??.??"]
[SourceVersionDate "2023.09.04"]

1. c4 e6 2. g3 d5 3. Bg2 Nf6 4. Nf3 dxc4 5. Na3 c5 6. Nxc4 Nc6 7. b3 Be7 8. Bb2 O-O 9. O-O Qc7 10. Nfe5 Bd7 11. Nxd7 Qxd7 12. Rc1 Rfd8 13. d3 Rac8 14. Qd2 b6 15. Rfd1 Ne8 16. Qf4 Bf6 17. Bxc6 Qxc6 18. Be5 Qd5 19. d4 cxd4 20. Rxd4 Bxe5 21. Rxd5 Bxf4 22. Rxd8 Rxd8 23. gxf4 f6 24. Kf1 Kf7 25. Ke1 Rd7 26. Ne3 Rc7 27. Rd1 Ke7 28. f5 Rd7 29. Rc1 Rc7 30. Rd1 Rd7 31. fxe6 Rxd1+ 32. Kxd1 Kxe6 33. Kd2 Ke5 34. Kd3 h5 35. a4 Nc7 36. Nc4+ Kf4 37. Nd6 Kg4 38. Ke3 Kh3 39. Nf5 Ne6 40. Ke4 Kxh2 41. b4 a5 42. bxa5 bxa5 43. f4 g5 44. fxg5 fxg5 45. Ke5 Nc5 46. Kd4 Nxa4 47. e4 Nb6 48. e5 Nc8 49. Nd6 Ne7 50. e6 g4 51. Ke5 g3 52. Nf5 Ng6+ 53. Kf6 Nf4 54. Nh4 Nxe6 55. Kxe6 g2 56. Nf3+ Kh1 57. Ke5 g1=Q 0-1

[Event "Münster - Katernberg"]
[Site "?"]
[Date "2024.04.07"]
[Round "8.4"]
[White "Wichtrup, Jan-Louis"]
[Black "Wessendorf, Thomas"]
[Result "1-0"]
[WhiteElo "2120"]
[BlackElo "2263"]
[PlyCount "129"]
[EventDate "2024.??.??"]
[SourceVersionDate "2023.09.04"]

1. Nf3 Nf6 2. b3 g6 3. Bb2 Bg7 4. g3 O-O 5. Bg2 d6 6. d4 b5 7. Qd3 c6 8. Nbd2 a5 9. a3 Ba6 10. c4 Nbd7 11. O-O Rb8 12. Qc2 Qb6 13. c5 Qc7 14. cxd6 exd6 15. Rac1 Rfc8 16. e4 Qd8 17. e5 Ne8 18. Ne4 d5 19. Neg5 Bh6 20. h4 Ng7 21. Bh3 Nf8 22. Bxc8 Rxc8 23. Qe2 Qb6 24. b4 Re8 25. Qc2 Bb7 26. Bc3 a4 27. Bd2 Nf5 28. Qd3 Bc8 29. Rc3 Bg7 30. Rfc1 Ne7 31. Be3 h6 32. e6 fxe6 33. Nh3 Bd7 34. Ne5 Rc8 35. Nf4 Be8 36. g4 Qd8 37. Kg2 Qd6 38. Ne2 Nh7 39. Bf4 Qd8 40. Qd2 Nf6 41. f3 Kh7 42. Ng3 Nfg8 43. Qe3 Qb6 44. Rc5 Qb7 45. Nd3 Qd7 46. R5c3 Bf7 47. Nc5 Qa7 48. Be5 Bxe5 49. Qxe5 Qb8 50. Re1 Qxe5 51. Rxe5 Kg7 52. Nxe6+ Bxe6 53. Rxe6 Kf7 54. Rce3 Rc7 55. g5 hxg5 56. hxg5 Nc8 57. f4 Re7 58. f5 Rxe6 59. Rxe6 Nce7 60. Rd6 gxf5 61. Kf3 Kg7 62. Kf4 Ng6+ 63. Kxf5 Nf8 64. Kg4 Kf7 65. Nf5 1-0

[Event "Münster - Katernberg"]
[Site "?"]
[Date "2024.04.07"]
[Round "8.5"]
[White "Gruenter, Martin"]
[Black "Muschik, Benedikt"]
[Result "0-1"]
[WhiteElo "2202"]
[BlackElo "2269"]
[PlyCount "80"]
[EventDate "2024.??.??"]
[SourceVersionDate "2023.09.04"]

1. e4 g6 2. d4 Bg7 3. Nc3 d6 4. Be3 a6 5. f4 b5 6. Bd3 Bb7 7. Nf3 Nf6 8. e5 Ng4 9. Bg1 c5 10. dxc5 dxe5 11. h3 b4 12. Be4 Nc6 13. Na4 Qa5 14. hxg4 Qxa4 15. Nxe5 Rd8 16. Qe2 O-O 17. b3 Qa5 18. Bxc6 Bxe5 19. Qxe5 Bxc6 20. Bd4 Rxd4 21. Qxd4 Bxg2 22. Rh2 Bf3 23. Rh4 Rc8 24. Kf2 Bb7 25. Re1 Rxc5 26. Rxe7 Rxc2+ 27. Ke1 Rc1+ 28. Kd2 Rc8 29. a4 bxa3+ 30. b4 Qa4 31. Rc7 Rxc7 32. Qd8+ Kg7 33. Qxc7 Qxb4+ 34. Kd3 Qe4+ 35. Kd2 Qg2+ 36. Kd3 Qg3+ 37. Kc4 Qxh4 38. g5 Qe1 39. Qxb7 Qe2+ 40. Kc5 Qb5+ 0-1

[Event "Münster - Katernberg"]
[Site "?"]
[Date "2024.04.07"]
[Round "8.6"]
[White "Wolter, Kai"]
[Black "Rosen, Bernd"]
[Result "1-0"]
[WhiteElo "2156"]
[BlackElo "2288"]
[PlyCount "47"]
[EventDate "2024.??.??"]
[SourceVersionDate "2023.09.04"]

1. e4 e6 2. d4 d5 3. exd5 exd5 4. Nf3 Nf6 5. Bd3 c5 6. O-O c4 7. Re1+ Be7 8. Bf1 O-O 9. b3 cxb3 10. axb3 Nc6 11. h3 Ne4 12. c3 Bf5 13. Nfd2 Nd6 14. Qf3 Be6 15. Bd3 b5 16. Bb2 Qb6 17. Na3 a5 18. Nc2 a4 19. Ne3 b4 20. Rxa4 Rxa4 21. bxa4 bxc3 22. Bxc3 Nxd4 23. Qh5 g6 24. Qe5 1-0

[Event "Münster - Katernberg"]
[Site "?"]
[Date "2024.04.07"]
[Round "8.7"]
[White "Korchynskyi, Mykola"]
[Black "Rott, Georg"]
[Result "1-0"]
[WhiteElo "2329"]
[BlackElo "2113"]
[PlyCount "89"]
[EventDate "2024.??.??"]
[SourceVersionDate "2023.09.04"]

1. d4 d5 2. c4 e6 3. Nc3 c5 4. cxd5 exd5 5. Nf3 Nc6 6. e3 Nf6 7. Be2 Be7 8. dxc5 Bxc5 9. O-O O-O 10. a3 Bb6 11. b4 d4 12. exd4 Nxd4 13. Nxd4 Bxd4 14. Bb2 Be6 15. Rc1 Qd7 16. Qd3 Rfd8 17. Qg3 a5 18. Rfd1 Qe7 19. Nd5 Rxd5 20. Rxd4 Rxd4 21. Bxd4 axb4 22. axb4 Bd5 23. b5 Re8 24. h3 h6 25. Rc5 g5 26. Bd3 Ne4 27. Bxe4 Qxe4 28. Be3 f5 29. Kh2 b6 30. f3 Qe6 31. Rc3 Bc4 32. Bd4 Bxb5 33. f4 Qg6 34. Rc7 Bc6 35. Qb3+ Qe6 36. Qxb6 Rc8 37. Rg7+ Kf8 38. Qb4+ Ke8 39. Bc5 Be4 40. Re7+ Qxe7 41. Bxe7 Rc2 42. Kg1 Rxg2+ 43. Kf1 Rg3 44. fxg5 hxg5 45. Qb8+ 1-0

[Event "Münster - Katernberg"]
[Site "?"]
[Date "2024.04.07"]
[Round "8.8"]
[White "Wilde, Pierre"]
[Black "Struck, Lasse"]
[Result "1-0"]
[WhiteElo "2189"]
[BlackElo "1983"]
[PlyCount "49"]
[EventDate "2024.??.??"]
[SourceVersionDate "2023.09.04"]

1. d4 Nf6 2. c4 e6 3. Nc3 Bb4 4. f3 d6 5. e4 O-O 6. Nge2 c5 7. d5 b5 8. Ng3 Qb6 9. Be3 bxc4 10. Bxc4 Ba6 11. Bxa6 Qxa6 12. dxe6 fxe6 13. Qe2 c4 14. O-O Nbd7 15. Rad1 Rfd8 16. f4 Nc5 17. Bd4 Rd7 18. Kh1 Kh8 19. Bxf6 gxf6 20. f5 Bxc3 21. fxe6 Qxa2 22. exd7 Qxb2 23. Qxc4 Be5 24. Nf5 Qb7 25. Qxc5 1-0

[Event "Wattenscheid - Porz II"]
[Site "?"]
[Date "2024.04.07"]
[Round "8.1"]
[White "Gallasch, Jonas"]
[Black "Schiffer, Kai-Uwe"]
[Result "1/2-1/2"]
[WhiteElo "2293"]
[BlackElo "2272"]
[PlyCount "57"]
[EventDate "2024.??.??"]
[SourceVersionDate "2023.09.04"]

1. Nf3 Nf6 2. c4 e6 3. d4 d5 4. g3 Bb4+ 5. Bd2 Be7 6. Bg2 O-O 7. O-O c6 8. Qc2 b6 9. Bf4 Nbd7 10. cxd5 cxd5 11. Bc7 Qe8 12. Nc3 Ba6 13. a4 Rc8 14. Bf4 Bb4 15. Qb3 Qe7 16. Nb5 Nb8 17. Bxb8 Rxb8 18. Ne5 Rbc8 19. Rfc1 Rxc1+ 20. Rxc1 Bxb5 21. axb5 Bd6 22. Qa4 Qb7 23. Nc6 Ra8 24. Ra1 g6 25. f3 Ne8 26. Qa6 Qxa6 27. bxa6 Nc7 28. e4 Kf8 29. Bf1 1/2-1/2

[Event "Wattenscheid - Porz II"]
[Site "?"]
[Date "2024.04.07"]
[Round "8.2"]
[White "Franke, Johannes"]
[Black "Malykin, Vitaly"]
[Result "1/2-1/2"]
[WhiteElo "2268"]
[BlackElo "2339"]
[PlyCount "29"]
[EventDate "2024.??.??"]
[SourceVersionDate "2023.09.04"]

1. e4 g6 2. Nc3 Bg7 3. g3 e5 4. Bg2 Nf6 5. Nge2 O-O 6. O-O c6 7. d4 d6 8. a4 Nbd7 9. h3 b6 10. Be3 Ba6 11. Re1 Qc7 12. Qd2 Bxe2 13. Rxe2 a6 14. Rd1 b5 15. dxe5 1/2-1/2

[Event "Wattenscheid - Porz II"]
[Site "?"]
[Date "2024.04.07"]
[Round "8.3"]
[White "Schmidt, Bodo"]
[Black "Wengenroth, Walter"]
[Result "0-1"]
[WhiteElo "2257"]
[BlackElo "2239"]
[PlyCount "120"]
[EventDate "2024.??.??"]
[SourceVersionDate "2023.09.04"]

1. d4 Nf6 2. Nf3 g6 3. Bf4 Bg7 4. e3 O-O 5. Be2 d6 6. h3 c5 7. Nbd2 b6 8. O-O Bb7 9. c3 Nbd7 10. a4 a6 11. Re1 Re8 12. Bh2 Qc7 13. Qb3 Bd5 14. c4 Bb7 15. d5 e5 16. Nb1 Nf8 17. Nc3 a5 18. Nd2 Bh6 19. f4 exf4 20. exf4 Ba6 21. Bf3 Rxe1+ 22. Rxe1 Re8 23. Rxe8 Nxe8 24. g4 Qe7 25. Kf2 Nd7 26. Qc2 Bg7 27. Qe4 Qf8 28. g5 Bd4+ 29. Kg2 Ng7 30. Bg4 f5 31. gxf6 Nxf6 32. Be6+ Kh8 33. Qf3 Nfh5 34. Ne2 Bf6 35. Nc3 Qe7 36. f5 gxf5 37. Bxf5 Bxc3 38. bxc3 Qg5+ 39. Kh1 Nxf5 40. Bxd6 Nhg3+ 41. Bxg3 Nxg3+ 42. Kh2 Qxd2+ 43. Kxg3 Qg5+ 44. Kf2 Kg7 45. Qe4 Qg6 46. Qe2 Bc8 47. Ke1 Qb1+ 48. Kf2 Qf5+ 49. Ke1 Kf6 50. Kd2 Qf4+ 51. Kc2 Bxh3 52. Kb3 Bg4 53. Qe1 h5 54. Qh4+ Kf7 55. Qe1 h4 56. Ka3 Qg3 57. Qd2 Ke8 58. Kb3 Qg1 59. Ka2 Qd1 60. Qe3+ Kd7 0-1

[Event "Wattenscheid - Porz II"]
[Site "?"]
[Date "2024.04.07"]
[Round "8.4"]
[White "Sandkamp, Ralph"]
[Black "Gluma, Christian"]
[Result "1-0"]
[WhiteElo "2245"]
[BlackElo "2100"]
[PlyCount "127"]
[EventDate "2024.??.??"]
[SourceVersionDate "2023.09.04"]

1. g3 Nf6 2. Bg2 g6 3. Nf3 Bg7 4. O-O O-O 5. d4 d6 6. b3 c6 7. Bb2 Qc7 8. Nbd2 Nbd7 9. e4 e5 10. dxe5 Nxe5 11. Nxe5 dxe5 12. Nc4 Nd7 13. Qd6 Qxd6 14. Nxd6 Rd8 15. Rad1 Nb6 16. Rd3 f6 17. Rfd1 Bf8 18. f4 Bg4 19. R1d2 Bh6 20. Nxb7 Rdb8 21. Na5 exf4 22. gxf4 Bxf4 23. Rf2 g5 24. Nxc6 Rf8 25. e5 Rae8 26. exf6 Re1+ 27. Rf1 Re2 28. Ne7+ Kf7 29. Nd5 Nxd5 30. Bxd5+ Kg6 31. Rf2 Re3 32. Bd4 Re1+ 33. Kg2 Bf5 34. Rc3 Rd1 35. Rc4 Rxd4 36. Rxd4 Be3 37. Rxf5 Bxd4 38. Be4 Kf7 39. Rxg5 Bxf6 40. Ra5 Bd4 41. Bxh7 Kg7 42. Bd3 Rf2+ 43. Kg3 Rd2 44. h4 Kf6 45. h5 Be5+ 46. Kf3 Rh2 47. Ra6+ Kg5 48. Rxa7 Rxh5 49. Rh7 Rxh7 50. Bxh7 Kf6 51. Ke4 Ke6 52. Kd3 Kd5 53. c3 Kc5 54. a4 Kb6 55. b4 Bd6 56. Kc4 Ka6 57. Kb3 Kb6 58. c4 Kc6 59. c5 Bc7 60. Bd3 Kb7 61. a5 Bd8 62. a6+ Ka7 63. b5 Bc7 64. Kc4 1-0

[Event "Wattenscheid - Porz II"]
[Site "?"]
[Date "2024.04.07"]
[Round "8.5"]
[White "Sabirov, Rafael"]
[Black "Thiel, Thomas"]
[Result "1-0"]
[WhiteElo "2177"]
[BlackElo "2123"]
[PlyCount "75"]
[EventDate "2024.??.??"]
[SourceVersionDate "2023.09.04"]

1. e4 e6 2. d4 d5 3. Nc3 Nf6 4. e5 Nfd7 5. f4 c5 6. Nf3 Nc6 7. Be3 cxd4 8. Nxd4 Qb6 9. Qd2 Qxb2 10. Rb1 Qa3 11. Bb5 a6 12. Nxc6 Bc5 13. Ba4 bxc6 14. Rb3 Bxe3 15. Qxe3 d4 16. Rxa3 dxe3 17. Bxc6 Rb8 18. Rb3 Rxb3 19. axb3 g5 20. g3 gxf4 21. gxf4 f6 22. exf6 Rf8 23. Ne4 Kd8 24. Bxd7 Bxd7 25. Ke2 Bc6 26. Kxe3 Bxe4 27. Kxe4 Rxf6 28. b4 Rh6 29. h4 Rh5 30. c4 Kc7 31. Rg1 Rxh4 32. Ke5 Kb6 33. Rf1 a5 34. bxa5+ Kxa5 35. Kxe6 Kb4 36. Kd5 Kc3 37. c5 Rh5+ 38. f5 1-0

[Event "Wattenscheid - Porz II"]
[Site "?"]
[Date "2024.04.07"]
[Round "8.6"]
[White "Hirsch, Stefan"]
[Black "Kruse, Victor"]
[Result "0-1"]
[WhiteElo "2128"]
[BlackElo "2017"]
[PlyCount "120"]
[EventDate "2024.??.??"]
[SourceVersionDate "2023.09.04"]

1. e4 c6 2. d4 d5 3. e5 Bf5 4. h4 h5 5. Bd3 Bxd3 6. Qxd3 Qa5+ 7. c3 e6 8. Ne2 Qa6 9. Qxa6 Nxa6 10. Be3 Ne7 11. Ng3 c5 12. Nd2 cxd4 13. Bxd4 Nc6 14. Nb3 Nxd4 15. Nxd4 Nc5 16. O-O-O a6 17. Kb1 Be7 18. Nb3 Rc8 19. Nxc5 Rxc5 20. Ne2 b5 21. Nd4 Rh6 22. g3 Rg6 23. Rd3 Rg4 24. f4 Kd7 25. Re1 Rc8 26. Re2 Bc5 27. Nb3 Bb6 28. Nd2 Ke7 29. a3 Rc6 30. Ka2 Rc8 31. Kb3 Rc4 32. Ka2 Rc7 33. Kb3 Rc4 34. Ka2 Rc7 35. Kb3 Rd7 36. Kc2 f6 37. Nf1 d4 38. exf6+ gxf6 39. cxd4 Rxd4 40. Rxd4 Bxd4 41. Ne3 Bxe3 42. Rxe3 Rg8 43. Rc3 Kf7 44. Rc7+ Kg6 45. Rc6 Kf5 46. Rxa6 Rxg3 47. Rb6 Rg7 48. Rxb5+ Kxf4 49. a4 e5 50. a5 e4 51. a6 Ra7 52. Ra5 e3 53. b4 Rd7 54. b5 e2 55. Ra1 Ke3 56. Re1 Ra7 57. Rh1 f5 58. Rb1 f4 59. b6 Rxa6 60. b7 Rc6+ 0-1

[Event "Wattenscheid - Porz II"]
[Site "?"]
[Date "2024.04.07"]
[Round "8.7"]
[White "Gallasch, Robin"]
[Black "Koerber, Matthias"]
[Result "0-1"]
[WhiteElo "2110"]
[BlackElo "2167"]
[PlyCount "78"]
[EventDate "2024.??.??"]
[SourceVersionDate "2023.09.04"]

1. e4 c5 2. Nf3 d6 3. d4 cxd4 4. Nxd4 Nf6 5. Nc3 Nc6 6. Bg5 e6 7. Qd2 h6 8. Bxf6 gxf6 9. O-O-O a6 10. f4 Qb6 11. Nf3 Bd7 12. Bd3 O-O-O 13. Rhe1 Be7 14. f5 Kb8 15. Kb1 Rc8 16. Ne2 Ne5 17. c3 Rhg8 18. Nf4 Ba4 19. Rc1 Rg4 20. Bf1 Bb5 21. Nd4 Bxf1 22. Rxf1 Nc4 23. Qe2 Rxf4 24. Rxf4 e5 25. Rf3 exd4 26. cxd4 Qxd4 27. Rd3 Qc5 28. Rdc3 b5 29. Qd3 Qf2 30. R3c2 Qc5 31. Rc3 Bd8 32. Qd5 Qb4 33. b3 Ba5 34. Ka1 Qa3 35. Rxc4 bxc4 36. Rc2 cxb3 37. Rxc8+ Kxc8 38. Qa8+ Kd7 39. Qb7+ Bc7 0-1

[Event "Wattenscheid - Porz II"]
[Site "?"]
[Date "2024.04.07"]
[Round "8.8"]
[White "Gohla, Ulf"]
[Black "Savchenko, Daniel"]
[Result "1/2-1/2"]
[WhiteElo "2104"]
[BlackElo "2056"]
[PlyCount "66"]
[EventDate "2024.??.??"]
[SourceVersionDate "2023.09.04"]

1. d4 d5 2. c4 e6 3. Nc3 c5 4. cxd5 exd5 5. Nf3 Nc6 6. g3 c4 7. Bg2 Bb4 8. O-O Nge7 9. Bd2 O-O 10. a3 Ba5 11. b3 a6 12. bxc4 dxc4 13. e3 Rb8 14. Qe2 b5 15. Rfd1 Bf5 16. Ne1 Bxc3 17. Bxc3 Nd5 18. Bxd5 Qxd5 19. f3 Bg6 20. e4 Qd8 21. d5 Na5 22. Nc2 Nb3 23. Rab1 a5 24. Kg2 Qd6 25. Qe1 Ra8 26. Nd4 Qxa3 27. Nxb5 Qc5 28. Nd4 Rfb8 29. Nc6 Rb5 30. Qf2 f6 31. Qxc5 Rxc5 32. Nd4 Be8 33. d6 Bd7 1/2-1/2

[Event "Mülheim Nord 2 - Brackel"]
[Site "?"]
[Date "2024.04.28"]
[Round "9.1"]
[White "Fluechter, Gregor"]
[Black "Stillger, Bernhard"]
[Result "1/2-1/2"]
[WhiteElo "2293"]
[BlackElo "2256"]
[PlyCount "27"]
[EventDate "2024.??.??"]
[SourceVersionDate "2023.09.04"]

1. e4 e5 2. Nf3 Nf6 3. Nxe5 d6 4. Nf3 Nxe4 5. d3 Nf6 6. d4 d5 7. Bd3 Bd6 8. O-O O-O 9. Bg5 Bg4 10. Nbd2 Nbd7 11. c3 c6 12. Qc2 Qc7 13. Rae1 Rae8 14. h3 1/2-1/2

[Event "Mülheim Nord 2 - Brackel"]
[Site "?"]
[Date "2024.04.28"]
[Round "9.2"]
[White "Van Meegen, Ruud"]
[Black "Steinmetzer, Thomas"]
[Result "1-0"]
[WhiteElo "2275"]
[BlackElo "2216"]
[PlyCount "69"]
[EventDate "2024.??.??"]
[SourceVersionDate "2023.09.04"]

1. Nf3 d5 2. g3 Nf6 3. c4 d4 4. Bg2 c5 5. b4 cxb4 6. a3 b3 7. O-O Nc6 8. Qxb3 e5 9. d3 Be7 10. Bg5 Nd7 11. Bxe7 Qxe7 12. a4 Nc5 13. Qa3 a5 14. Nbd2 Nb4 15. Nb3 Nxb3 16. Qxb3 O-O 17. Rfc1 Bg4 18. Rab1 f5 19. c5+ Kh8 20. Qc4 Bh5 21. c6 Nxc6 22. Qc5 Rfe8 23. Rb5 g6 24. Kf1 e4 25. dxe4 fxe4 26. Ng5 Qxc5 27. Rcxc5 d3 28. exd3 exd3 29. Rxb7 Ra7 30. Rxa7 Nxa7 31. Rc7 d2 32. Rxh7+ Kg8 33. Bd5+ Kf8 34. Rf7+ Kg8 35. Rxa7+ 1-0

[Event "Mülheim Nord 2 - Brackel"]
[Site "?"]
[Date "2024.04.28"]
[Round "9.3"]
[White "Tkachuk, Konstantyn"]
[Black "Baltic, Fatih"]
[Result "1-0"]
[WhiteElo "2240"]
[BlackElo "2271"]
[PlyCount "87"]
[EventDate "2024.??.??"]
[SourceVersionDate "2023.09.04"]

1. e4 a6 2. d4 c6 3. c3 d5 4. e5 Bf5 5. Be3 e6 6. Nd2 Nd7 7. g4 Bg6 8. Ne2 Bd3 9. Ng3 Bxf1 10. Rxf1 Qb6 11. Qc2 c5 12. f4 O-O-O 13. O-O-O cxd4 14. cxd4+ Kb8 15. Kb1 h5 16. gxh5 f5 17. Nf3 Ne7 18. Ng5 Rc8 19. Qa4 Qc6 20. Qxc6 Rxc6 21. Rc1 Rh6 22. Nf7 Rh7 23. Nd8 Rxc1+ 24. Rxc1 Rh6 25. Nf7 Rh7 26. Nd8 Rh6 27. Bd2 Nc8 28. Nf7 Rh7 29. Ng5 Rh6 30. Ba5 b6 31. Bd2 Na7 32. Nf7 Rh7 33. Ng5 Rh6 34. Kc2 Nc6 35. Nf7 Rh7 36. Ng5 Rh6 37. Nf7 Rh7 38. Kd3 Kb7 39. Ng5 Rh6 40. Nf7 Rh7 41. Rxc6 Kxc6 42. Nd8+ Kc7 43. Nxe6+ Kc8 44. a3 1-0